National geographic world

Bibliographic Details
New Title:National geographic kids
Previous Title:National geographic school bulletin
Corporate Author: National Geographic Society (U.S.)
Format: Electronic Journal
Language:English
Published: [Washington], [National Geographic Society]
Subjects:
Online Access:Full text available from Research Library: 07/01/2002 to 09/30/2002

MARC

LEADER 00000nas a2200000 4500
001 ssj0012128
003 WaSeSS
005 20200512172242.0
006 m d
007 cr n
008 760620d19752002dcumr p s 0 a0eng
010 |a  76641531  
022 |l 0361-5499  |y 0361-5499 
035 |a (WaSeSS)ssj0012128 
037 |b Geographic World, Dept. 01288, 17th and M St., N.W., Washington, D.C. 20036 
040 |a DLC  |b eng  |c MUL  |d DLC  |d NSD  |d DLC  |d AIP  |d NSD  |d AIP  |d NST  |d OCL  |d NST  |d IUL  |d NSD  |d NLC  |d NST  |d OCL  |d NSD  |d IUL  |d OCLCQ  |d OCL  |d OCLCQ  |d CUS  |d OCLCO  |d OCLCQ  |d OCLCF  |d IUL  |d OCLCO  |d DML  |d OCLCQ  |d CSJ  |d LNC  |d OCLCQ  |d KFH  |d OCLCQ  |d WaSeSS 
042 |a pcc  |a nsdp 
050 0 0 |a G1  |b .N325 
082 0 4 |a 910/.5 
210 0 |a Natl. geogr. world 
222 0 |a National geographic world 
245 0 0 |a National geographic world  |h [electronic resource]. 
246 3 0 |a World 
260 |a [Washington],  |b [National Geographic Society] 
310 |a Monthly 
362 0 |a Sept. 1975-Sept. 2002. 
506 |a License restrictions may limit access. 
515 |a Issues for <Feb. 2001>-Oct. 2002 called also: Issue <306>-323. 
555 |a Sept. 1975-Aug. 1982. 1 v. 
650 0 |a Geography  |v Periodicals  |v Juvenile literature. 
650 1 |a Geography  |v Periodicals. 
650 7 |a Geography.  |2 fast  |0 (OCoLC)fst00940469 
655 0 |a Electronic journals. 
710 2 |a National Geographic Society (U.S.) 
780 0 0 |t National geographic school bulletin  |x 0027-9366  |w (OCoLC)1759227 
785 0 0 |t National geographic kids  |x 1542-3042  |w (DLC) 2002214746  |w (OCoLC)50562283 
850 |a AAP  |a CU-SB  |a CaAEU  |a DLC  |a DeU  |a INS  |a InU  |a MnU  |a NcU  |a NdU  |a PU  |a ULA 
856 4 0 |z Full text available from Research Library: 07/01/2002 to 09/30/2002  |u https://search.proquest.com/publication/25404